000 01086nam a2200265 a 4500
001 000030236
003 DO-SdBNP
005 20250221073755.0
007 ta
008 110505e2009 dr d fr 000 0 spa d
040 _aDO-SdBNP
_bspa
_cBNPHU
082 4 _a339.47
_bE56n, 2007
_222
245 0 0 _aEncuesta nacional de ingresos y gastos de los hogares : ENIGH 2007 :
_bResultados generales /
_cOficina Nacional de Estadística, presentación Pablo Tactuk.
260 _aSanto Domingo :
_bONE,
_c2009.
300 _a404 p. :
_bdiagrs. ;
_c28 cm.
590 _aInventariado, 2018/BT
650 4 _aCosto y nivel de vida
_zRepública Dominicana
_xEstadísticas
_y2007
_956926
650 4 _aEconomia doméstica
_zRepública Dominicana
_xEstadísticas
_y2007
_956927
650 4 _aPrecios
_zRepública Dominicana
_xEstadísticas
_y2007
_956928
650 4 _aRentas
_zRepública Dominicana
_xEstadísticas
_y2007
_956929
700 2 _aTactuk, Pablo
_95774
710 1 _aRepública Dominicana.
_bOficina Nacional de Estadística
_95775
910 _aValidado. Control de calidad. MFF
942 _2ddc
_cLBS1
999 _c29728
_d29728